Statistiques concernant Trouve les paroles - J'me tire - Gims

Cliquez ici pour prendre le quiz!

Statistiques générales

  • Ce quiz a été pris 165 fois
  • Le résultat moyen est 283 sur 393

Statistiques - réponses

Réponse% Correct
je
100%
Je
100%
tire
100%
me
99%
pas
99%
J'me
98%
ma
97%
de
96%
Parti
96%
parti
96%
pour
96%
Pour
96%
pourquoi
96%
s'en
96%
demande
95%
sans
95%
Sans
95%
j'suis
94%
J'suis
94%
La
94%
la
94%
à
92%
mon
91%
qui
91%
coeur
89%
motif
89%
C'est
88%
c'est
88%
dire
88%
Mais
88%
mais
88%
Parfois
88%
sens
88%
plus
86%
rien
86%
s'endurcit
86%
le
83%
triste
83%
ça
80%
d'ici
80%
loin
80%
Ne
80%
comme
78%
partir
78%
vie
75%
n'm'attriste
73%
Laisse-moi
72%
d'artiste
71%
pire
70%
Si
70%
fuck
67%
juste
67%
67%
un
67%
Un
67%
endroit
64%
que
64%
disais
63%
qu'y'a
63%
cible
62%
rime
62%
tout
62%
bah
61%
est
61%
pris
60%
dans
59%
life
58%
qu'on
57%
sais
57%
tape
57%
l'monde
56%
fait
55%
j'vais
54%
garder
53%
j'serais
51%
l'sourire
51%
l'suspect
51%
qu'ça
50%
cliché
48%
Clay
46%
j'aurais
46%
l'dire
45%
j'veux
43%
les
43%
Cassius
42%
d'prendre
42%
mic
42%
Après
41%
b'soin
41%
d'nom
41%
mentir
32%
gens
31%
peste
31%
j'reste
28%
fuiront
27%
Stop
26%
devenir
25%
Qu'est-ce
25%
réfléchis
25%
reste
25%
vérité
25%
sûrement
24%
trop
22%
vas-y
22%
Vos
22%
donné
21%
j'm'auto-déteste
21%
c'qu'il
20%
Faut
20%
interviews
19%
m'ont
19%
d'maux
17%
qu'j'préserve
15%
d'têtes
14%
Meugui
14%
j'échangerais
5%

Distribution des résultats

Percentile par nombre de réponses

% des personnes avec chaque résultat

Votre développement - résultats

Vous n’avez pas pris ce quiz